Houston Texans: Most Passing TDs Each Year - Statistics

General Stats
  • This quiz has been taken 629 times
    83 since last reset
  • The average score is 18 of 23
Answer Stats
Year Player TDs % Correct
2023 C.J. Stroud 23
100%
2024 C.J. Stroud 20
100%
2017 Deshaun Watson 19
96%
2018 Deshaun Watson 26
96%
2019 Deshaun Watson 26
96%
2020 Deshaun Watson 33
96%
2008 Matt Schaub 15
93%
2009 Matt Schaub 29
93%
2010 Matt Schaub 24
93%
2011 Matt Schaub 15
93%
2012 Matt Schaub 22
93%
2013 Matt Schaub 10
93%
2002 David Carr 9
80%
2003 David Carr 9
80%
2004 David Carr 16
80%
2005 David Carr 14
80%
2006 David Carr 11
80%
2021 Davis Mills 16
77%
2022 Davis Mills 17
77%
2016 Brock Osweiler 15
55%
2014 Ryan Fitzpatrick 17
42%
2015 Brian Hoyer 19
28%
2007 Sage Rosenfels 15
14%
No matching quizzes found
Score Distribution
Percent of People with Each Score
Percentile by Number Answered
Your Score History
You have not taken this quiz since the last reset